The New Encyclopaedia Britannica; Vol. 28. (Record no. 1031)

000 -LEADER
fixed length control field 00682nam a2200193 a 4500
001 - CONTROL NUMBER
control field :::00017014$&:&@@
003 - CONTROL NUMBER IDENTIFIER
control field OkBaRHE
005 - DATE AND TIME OF LATEST TRANSACTION
control field 20100325165624.0
008 - FIXED-LENGTH DATA ELEMENTS--GENERAL INFORMATION
fixed length control field s1990 g 000 0 eng u
020 ## - INTERNATIONAL STANDARD BOOK NUMBER
International Standard Book Number 0852295111
040 ## - CATALOGING SOURCE
Transcribing agency
245 14 - TITLE STATEMENT
Title The New Encyclopaedia Britannica; Vol. 28.
260 ## - PUBLICATION, DISTRIBUTION, ETC. (IMPRINT)
Place of publication, distribution, etc Chicago
Name of publisher, distributor, etc Encyclopaedia Britannica
Date of publication, distribution, etc 1990
300 ## - PHYSICAL DESCRIPTION
Extent 33 v. : ill. (some col.) ;
Dimensions 29 cm.
650 ## - SUBJECT ADDED ENTRY--TOPICAL TERM
Topical term or geographic name as entry element Encyclopedias and dictionaries.
9 (RLIN) 296
700 ## - ADDED ENTRY--PERSONAL NAME
Personal name Encyclopaedia Britannica, inc.
9 (RLIN) 321
942 ## - ADDED ENTRY ELEMENTS (KOHA)
Source of classification or shelving scheme
Koha item type Books
Copies
Damaged status Not for loan Shelving location Koha item type Lost status Collection code Permanent Location Source of classification or shelving scheme Date last seen Barcode Full call number Current Location Date acquired Copy number Withdrawn status Price effective from
  General StacksBooks ReferenceRHEMA Bible Training College 2018-01-0917014AE 5 .E363 v.28 1990RHEMA Bible Training College2010-04-141 2010-04-14